000 00602 a2200169 4500
003 Nust
005 20170207154021.0
022 _a0-597-83532-2
040 _cNust
100 _aN. Parker, James
245 _aThe official Patient’s sourcebook On Progressive Multifocal Leukoencephalopathy (E-BOOK)
_cJames N. Parker
260 _aICON Group International, Inc.
_bUSA
_c2003
300 _a129 p
505 _aPart 1: The Essentials 7 Part 2: Additional Resources And Advanced Material 39 Part 3. Appendices 83
650 _aProgressive Multifocal Leukoencephalopathy-Popular works
651 _aE-BOOK
942 _2ddc
_cBK
999 _c191668
_d191668